MyGZULibrary

Adoption and adaptation in Shona / (Record no. 5169)

MARC details
000 -LEADER
fixed length control field 01062cam a2200277 a 4500
001 - CONTROL NUMBER
control field 14766636
003 - CONTROL NUMBER IDENTIFIER
control field GZU
005 - DATE AND TIME OF LATEST TRANSACTION
control field 20210330085542.0
008 - FIXED-LENGTH DATA ELEMENTS--GENERAL INFORMATION
fixed length control field 070313s2002 rh a b 000 0 eng
010 ## - LIBRARY OF CONGRESS CONTROL NUMBER
LC control number 2006318671
020 ## - INTERNATIONAL STANDARD BOOK NUMBER
International Standard Book Number 8290954204
040 ## - CATALOGING SOURCE
Original cataloging agency DLC
Transcribing agency DLC
042 ## - AUTHENTICATION CODE
Authentication code lcode
050 00 - LIBRARY OF CONGRESS CALL NUMBER
Classification number PL8681
Item number .C48 2002
100 1# - MAIN ENTRY--PERSONAL NAME
Personal name Chimhundu, Herbert.
245 10 - TITLE STATEMENT
Title Adoption and adaptation in Shona /
Statement of responsibility, etc. Herbert Chimhundu.
260 ## - PUBLICATION, DISTRIBUTION, ETC.
Place of publication, distribution, etc. [Harare] :
Name of publisher, distributor, etc. ALLEX Project, African Languages Research Institute, University of Zimbabwe ;
Place of publication, distribution, etc. Oslo :
Name of publisher, distributor, etc. Dept. of Scandinavian Studies and General Literature, University of Oslo :
-- Unipub AS,
Date of publication, distribution, etc. 2002.
300 ## - PHYSICAL DESCRIPTION
Extent xxvi, 491 p. :
Other physical details ill, ;
Dimensions 24 cm.
490 0# - SERIES STATEMENT
Series statement Unipub skriftserier
500 ## - GENERAL NOTE
General note Facsim. of: Thesis (doctoral)--University of Zimbabwe, 1983.
504 ## - BIBLIOGRAPHY, ETC. NOTE
Bibliography, etc. note Includes bibliographical references (p. [484]-491).
650 #0 - SUBJECT ADDED ENTRY--TOPICAL TERM
Topical term or geographic name entry element Shona language
General subdivision Foreign elements.
906 ## - LOCAL DATA ELEMENT F, LDF (RLIN)
a 7
b cbc
c origode
d 3
e ncip
f 20
g y-gencatlg
942 ## - ADDED ENTRY ELEMENTS (KOHA)
Source of classification or shelving scheme Library of Congress Classification
Koha item type Books
Classification part 8681
Item part CHI
Call number prefix PL
Call number suffix 2002
Holdings
Withdrawn status Lost status Damaged status Not for loan Collection code Home library Current library Shelving location Date acquired Total Checkouts Full call number Barcode Date last seen Copy number Price effective from Koha item type
        Non-fiction City Campus Library City Campus Library General Stacks 03/30/2021   PL8681 CHI 2002 G21586 03/30/2021 c.1 03/30/2021 Books
        Non-fiction City Campus Library City Campus Library General Stacks 04/06/2021   PL8681 CHI 2002 G23528 04/06/2021 c.2 04/06/2021 Books